000 00390 a2200169 4500
001 189992
020 _a978-85-16-07899-7
040 _cMagnum
100 _aAlves, Januária Cristina
240 1 0 _aNavegando em mares conhecidos
_lpor
245 1 0 _aNavegando em mares conhecidos
300 _a78
362 0 _a2012
440 1 _aModerna
697 _aLITERATURA JUVENIL
942 _cBK
999 _c189992
_d189992